<?xml version="1.0" encoding="UTF-8"?><marc:collection xmlns:marc="http://www.loc.gov/MARC21/slim">
  <marc:record>
    <marc:leader>00000nam  2200000zi 4500</marc:leader>
    <marc:controlfield tag="001">9.945717</marc:controlfield>
    <marc:controlfield tag="003">CaOODSP</marc:controlfield>
    <marc:controlfield tag="005">20241206142121</marc:controlfield>
    <marc:controlfield tag="006">m     o  d f      </marc:controlfield>
    <marc:controlfield tag="007">cr mn|||||||||</marc:controlfield>
    <marc:controlfield tag="008">241128e202411##onc     ob   f000 0 fre d</marc:controlfield>
    <marc:datafield tag="040" ind1=" " ind2=" ">
      <marc:subfield code="a">CaOODSP</marc:subfield>
      <marc:subfield code="b">fre</marc:subfield>
      <marc:subfield code="e">rda</marc:subfield>
      <marc:subfield code="c">CaOODSP</marc:subfield>
    </marc:datafield>
    <marc:datafield tag="043" ind1=" " ind2=" ">
      <marc:subfield code="a">n-cn---</marc:subfield>
    </marc:datafield>
    <marc:datafield tag="086" ind1="1" ind2=" ">
      <marc:subfield code="a">XC61-1/1-441-14F-PDF</marc:subfield>
    </marc:datafield>
    <marc:datafield tag="110" ind1="1" ind2=" ">
      <marc:subfield code="a">Canada. </marc:subfield>
      <marc:subfield code="b">Parlement. </marc:subfield>
      <marc:subfield code="b">Chambre des communes. </marc:subfield>
      <marc:subfield code="b">Comité permanent du patrimoine canadien, </marc:subfield>
      <marc:subfield code="e">auteur, </marc:subfield>
      <marc:subfield code="e">organisme de publication.</marc:subfield>
    </marc:datafield>
    <marc:datafield tag="245" ind1="1" ind2="0">
      <marc:subfield code="a">Torts causés par le matériel sexuellement explicite illégal en ligne : </marc:subfield>
      <marc:subfield code="b">rapport du Comité permanent du patrimoine canadien / </marc:subfield>
      <marc:subfield code="c">la présidente, l'hon. Hedy Fry.</marc:subfield>
    </marc:datafield>
    <marc:datafield tag="264" ind1=" " ind2="1">
      <marc:subfield code="a">[Ottawa] : </marc:subfield>
      <marc:subfield code="b">Chambre des communes, Canada = House of Commons, Canada, </marc:subfield>
      <marc:subfield code="c">novembre 2024.</marc:subfield>
    </marc:datafield>
    <marc:datafield tag="300" ind1=" " ind2=" ">
      <marc:subfield code="a">1 ressource en ligne (ix, 49 pages).</marc:subfield>
    </marc:datafield>
    <marc:datafield tag="336" ind1=" " ind2=" ">
      <marc:subfield code="a">texte</marc:subfield>
      <marc:subfield code="b">txt</marc:subfield>
      <marc:subfield code="2">rdacontent/fre</marc:subfield>
    </marc:datafield>
    <marc:datafield tag="337" ind1=" " ind2=" ">
      <marc:subfield code="a">informatique</marc:subfield>
      <marc:subfield code="b">c</marc:subfield>
      <marc:subfield code="2">rdamedia/fre</marc:subfield>
    </marc:datafield>
    <marc:datafield tag="338" ind1=" " ind2=" ">
      <marc:subfield code="a">ressource en ligne</marc:subfield>
      <marc:subfield code="b">cr</marc:subfield>
      <marc:subfield code="2">rdacarrier/fre</marc:subfield>
    </marc:datafield>
    <marc:datafield tag="490" ind1="1" ind2=" ">
      <marc:subfield code="a">Rapport du Comité permanent du patrimoine canadien ; </marc:subfield>
      <marc:subfield code="v">14e rapport, 44e législature, 1re session</marc:subfield>
    </marc:datafield>
    <marc:datafield tag="500" ind1=" " ind2=" ">
      <marc:subfield code="a">Publié aussi en anglais sous le titre : Harms caused by illegal sexually explicit material online : report of the Standing Committee on Canadian Heritage.</marc:subfield>
    </marc:datafield>
    <marc:datafield tag="500" ind1=" " ind2=" ">
      <marc:subfield code="a">« 44e législature, 1re session. »</marc:subfield>
    </marc:datafield>
    <marc:datafield tag="500" ind1=" " ind2=" ">
      <marc:subfield code="a">« Quatorzième rapport » -- Page v.</marc:subfield>
    </marc:datafield>
    <marc:datafield tag="500" ind1=" " ind2=" ">
      <marc:subfield code="a">Le fichier de publication en format PDF a été remplacé le 6 décembre 2024 à la requête de Chambre des communes.</marc:subfield>
    </marc:datafield>
    <marc:datafield tag="504" ind1=" " ind2=" ">
      <marc:subfield code="a">Comprend des références bibliographiques.</marc:subfield>
    </marc:datafield>
    <marc:datafield tag="520" ind1=" " ind2=" ">
      <marc:subfield code="a">« Les plateformes de médias sociaux facilitent la connectivité et la communication à l’échelle mondiale, mais il reste qu’elles permettent la propagation d’un large éventail de contenus nuisibles ainsi qu’illicites, y compris le matériel d’exploitation sexuel d’enfants (MESE) et la distribution non consensuelle d’images intimes (DNCII). Plus récemment, l’essor de l’intelligence artificielle (IA) générative a permis la création et la diffusion d’hypertrucages (« deepfakes ») sexuellement explicites (images et documents audio et vidéo retouchés au moyen d’outils numériques ou générés en totalité par l’IA), notamment des contenus montrant l’exploitation sexuelle d’enfants et d’images intimes non consensuelles. La circulation de matériel illégal et sexuellement explicite ainsi que la facilité d’accès à un tel matériel peuvent causer des préjudices directs et graves aux victimes » -- Le contexte de l'étude, pages 3-4.</marc:subfield>
    </marc:datafield>
    <marc:datafield tag="650" ind1=" " ind2="6">
      <marc:subfield code="a">Pornographie sur Internet</marc:subfield>
      <marc:subfield code="x">Droit</marc:subfield>
      <marc:subfield code="z">Canada</marc:subfield>
      <marc:subfield code="v">Législation.</marc:subfield>
    </marc:datafield>
    <marc:datafield tag="650" ind1=" " ind2="6">
      <marc:subfield code="a">Pornodivulgation</marc:subfield>
      <marc:subfield code="z">Canada.</marc:subfield>
    </marc:datafield>
    <marc:datafield tag="650" ind1=" " ind2="6">
      <marc:subfield code="a">Abus sexuels à l'égard des enfants</marc:subfield>
      <marc:subfield code="x">Droit</marc:subfield>
      <marc:subfield code="z">Canada</marc:subfield>
      <marc:subfield code="v">Législation.</marc:subfield>
    </marc:datafield>
    <marc:datafield tag="650" ind1=" " ind2="6">
      <marc:subfield code="a">Internet</marc:subfield>
      <marc:subfield code="x">Industrie</marc:subfield>
      <marc:subfield code="x">Pratiques déloyales</marc:subfield>
      <marc:subfield code="z">Canada.</marc:subfield>
    </marc:datafield>
    <marc:datafield tag="650" ind1=" " ind2="6">
      <marc:subfield code="a">Manipulation en ligne</marc:subfield>
      <marc:subfield code="z">Canada.</marc:subfield>
    </marc:datafield>
    <marc:datafield tag="700" ind1="1" ind2=" ">
      <marc:subfield code="a">Fry, Hedy.</marc:subfield>
    </marc:datafield>
    <marc:datafield tag="775" ind1="0" ind2="8">
      <marc:subfield code="t">Harms caused by illegal sexually explicit material online : </marc:subfield>
      <marc:subfield code="w">(CaOODSP)9.945711</marc:subfield>
    </marc:datafield>
    <marc:datafield tag="830" ind1="#" ind2="0">
      <marc:subfield code="a">Rapport du Comité permanent du patrimoine canadien ;</marc:subfield>
      <marc:subfield code="v">14e rapport, 44e législature, 1re session.</marc:subfield>
      <marc:subfield code="w">(CaOODSP)9.503603</marc:subfield>
    </marc:datafield>
    <marc:datafield tag="856" ind1="4" ind2="0">
      <marc:subfield code="q">PDF</marc:subfield>
      <marc:subfield code="s">3.17 Mo</marc:subfield>
      <marc:subfield code="u">https://publications.gc.ca/collections/collection_2024/parl/xc61-1/XC61-1-1-441-14-fra.pdf</marc:subfield>
    </marc:datafield>
    <marc:datafield tag="856" ind1="4" ind2=" ">
      <marc:subfield code="q">HTML</marc:subfield>
      <marc:subfield code="s">S.O.</marc:subfield>
      <marc:subfield code="u">https://www.noscommunes.ca/documentviewer/fr/44-1/CHPC/rapport-14</marc:subfield>
    </marc:datafield>
  </marc:record>
</marc:collection>
